|
|
|
|
| LEADER |
00000nam0a2200000 4500 |
| 001 |
271774 |
| 005 |
20231101234453.0 |
| 035 |
|
|
|a (RuTPU)RU\TPU\book\294977
|
| 090 |
|
|
|a 271774
|
| 100 |
|
|
|a 20141011d1985 km y0rusy50 ca
|
| 101 |
0 |
|
|a rus
|
| 102 |
|
|
|a RU
|
| 105 |
|
|
|a a z 001zy
|
| 200 |
1 |
|
|a Нефтеносность Татарской АССР и методика поисковых работ
|e [сборник статей]
|f Татнефть ; Татарский государственный научно-исследовательский и проектный институт нефтяной промышленности (ТатНИПИнефть)
|
| 210 |
|
|
|a Бугульма
|c [Б. и.]
|d 1985
|
| 215 |
|
|
|a 147 с.
|c ил.
|
| 225 |
1 |
|
|a Труды Татарского научно исследовательского и проектного института нефтяной промышленности
|v Вып. 56
|
| 320 |
|
|
|a Библиография в конце статей
|
| 606 |
1 |
|
|a Нефтяные месторождения
|x Поиски и разведка
|2 stltpush
|3 (RuTPU)RU\TPU\subj\45959
|9 65148
|
| 610 |
1 |
|
|a Татарская АССР
|
| 610 |
1 |
|
|a Удмуртская ССР
|
| 610 |
1 |
|
|a нефть
|
| 610 |
1 |
|
|a запасы
|
| 610 |
1 |
|
|a палеозойские отложения
|
| 610 |
1 |
|
|a подсчет
|
| 610 |
1 |
|
|a нефтеносность
|
| 610 |
1 |
|
|a перспективы
|
| 610 |
1 |
|
|a оценка
|
| 610 |
1 |
|
|a геологическое строение
|
| 610 |
1 |
|
|a пермские отложения
|
| 610 |
1 |
|
|a природные битумы
|
| 610 |
1 |
|
|a формирование
|
| 610 |
1 |
|
|a геологосъемочные работы
|
| 675 |
|
|
|a 553.982:550.8
|v 4
|
| 712 |
0 |
2 |
|a Татнефть
|c (Альметьевск)
|2 stltpush
|3 (RuTPU)RU\TPU\col\17409
|9 26607
|
| 712 |
0 |
2 |
|a Татарский государственный научно-исследовательский и проектный институт нефтяной промышленности (ТатНИПИнефть)
|2 stltpush
|3 (RuTPU)RU\TPU\col\13469
|
| 801 |
|
1 |
|a RU
|b 63413507
|c 20141011
|
| 801 |
|
2 |
|a RU
|b 63413507
|c 20170314
|g RCR
|
| 942 |
|
|
|c BK
|